<?xml version="1.0" encoding="UTF-8"?>
<marc:record xmlns:marc="http://www.loc.gov/MARC21/slim">
   <marc:leader>00000nam a2200000 a 4500</marc:leader>
   <marc:datafield ind1="1" ind2=" " tag="100">
      <marc:subfield code="a">Doyle, Arthur Conan</marc:subfield>
      <marc:subfield code="4">aut</marc:subfield>
      <marc:subfield code="e">Verfasser/-in</marc:subfield>
   </marc:datafield>
   <marc:datafield ind1=" " ind2=" " tag="653">
      <marc:subfield code="a">England</marc:subfield>
   </marc:datafield>
   <marc:datafield ind1=" " ind2=" " tag="653">
      <marc:subfield code="a">Klassiker</marc:subfield>
   </marc:datafield>
   <marc:datafield ind1=" " ind2=" " tag="653">
      <marc:subfield code="a">Historischer Krimi</marc:subfield>
   </marc:datafield>
   <marc:datafield ind1=" " ind2=" " tag="653">
      <marc:subfield code="a">Dr. Watson</marc:subfield>
   </marc:datafield>
   <marc:datafield ind1=" " ind2=" " tag="653">
      <marc:subfield code="a">Detektivroman</marc:subfield>
   </marc:datafield>
   <marc:datafield ind1="0" ind2="0" tag="245">
      <marc:subfield code="a">Sherlock Holmes</marc:subfield>
   </marc:datafield>
   <marc:datafield ind1=" " ind2="1" tag="264">
      <marc:subfield code="b">Nikol Verlagsgesellschaft mbH &amp; Co.KG</marc:subfield>
      <marc:subfield code="c">2022</marc:subfield>
   </marc:datafield>
   <marc:datafield ind1="1" ind2=" " tag="490">
      <marc:subfield code="a">Leinen mit Goldprägung Sonderausgabe</marc:subfield>
   </marc:datafield>
   <marc:datafield ind1="1" ind2=" " tag="520">
      <marc:subfield code="a">Durch die Vermittlung eines alten Bekannten lernt Dr. Watson, der sich nach seiner Rückkehr aus den Kolonien wieder in London aufhält, Sherlock Holmes kennen, einen Sonderling, dessen Verhalten, aber auch Wissen Watson immer wieder verblüfft. Sherlock Holmes, der studiert, beobachtet und deduziert, bezieht mit dem vom Afghanistanfeldzug und der darauffolgenden Typhuserkrankung geschwächten Watson eine Wohnung in der Baker Street, den Ausgangspunkt für etliche Abenteuer, in die beide verstrickt werden. Watson, seines Zeichens Militärarzt, und der penible Detektiv werden bald nach ihrem Kennenlernen in einen höchst mysteriösen Fall verwickelt, der mit einem Mord und dem mit Blut geschriebenen Wort äRacheô beginnt. Waren Anarchisten am Werk? Wurde eine Fehde vom Festland in England ausgetragen? Wem gehörte der Ring vom Tatort? Fragen über Fragen à Kann Sherlock Holmes den Fall lösen?</marc:subfield>
   </marc:datafield>
   <marc:datafield ind1=" " ind2=" " tag="020">
      <marc:subfield code="a">9783868206272</marc:subfield>
      <marc:subfield code="9">9783868206272</marc:subfield>
   </marc:datafield>
</marc:record>
